000 00585nam a2200229Ia 4500
003 0100
008 130303s9999 xx 000 0 und d
040 _cARRUPELIB
050 _aPR6015.A6425.D3 1962
100 _aWyndham, John
245 4 _aThe day of the triffids
260 _aMiddlesex
260 _bPenguin Book
260 _C1962
300 _a272p.
300 _b 18cm.
650 _bFrench--Africa
650 _cIndeginous peoples--Africa
650 _dAfrica, French-speaking, West--Description and travel
700 _aHarris, John Beynon
942 _2lcc
_02
999 _c61546
_d61546